000 00624na a2200229 4500
001 17094
003 MIRAKIL
005 20181213155009.0
008 161022b tu 000 0
040 _aMilas
_btur
_cTR-AnCHP
041 _atur
082 _a320.956
_bB33s 1977
090 _a320.956 B33s 1977
100 _aBehram, Nihat
245 _aSol kendini anlatıyor
_cNihat Behram
260 _aİstanbul
_bMay yayınları
_c1977
300 _a335 s.
_c20 sm.
440 _aBilim-Belge-İnceleme
_v67
650 _aSol görüşler
_xDerlemeler
_zTürkiye
651 _aTürkiye
_xSiyasal yaşam
942 _2ddc
_cBKS
999 _c4537
_d4537